Dekódovanie hudobnej skladby z obrazového videa hry na klavír

Guardado en:
Detalles Bibliográficos
Autor principal: Szabó, Péter (Autor)
Otros Autores: Kajan, Slavomír (Orientador)
Formato: Manuscrito Libro
Lenguaje:eslovaco
Publicado: Bratislava : STU v Bratislave FEI, 2020
Materias:
Acceso en línea:https://opac.crzp.sk/?fn=detailBiblioForm&sid=2C8AB4190B6536A9D5841A7B1CEB&seo=CRZP-detail-kniha
Etiquetas: Agregar Etiqueta
Sin Etiquetas, Sea el primero en etiquetar este registro!

MARC

LEADER 00000ntm a22000003a 4500
001 stuzp76713
003 SK-STU
005 20200714122230.0
007 ta
008 150427s2015----xo-----f-mn---000-0-slo-d
040 |a STU  |b slo 
041 0 |a slo 
044 |a xo 
100 1 |a Szabó, Péter  |u 031000  |4 aut  |U FEI Fakulta elektrotechniky a informatiky  |T FEI Ústav robotiky a kybernetiky  |X 47447  |U E011  |Y 356  |7 47447 
242 0 1 |a Decoding of music composition from video of play piano  |y eng 
245 1 0 |a Dekódovanie hudobnej skladby z obrazového videa hry na klavír 
260 |a Bratislava :  |b STU v Bratislave FEI,  |c 2020 
300 |a 55 s. 
650 4 |a klavír  |2 slo 
650 4 |a nájdenie  |2 slo 
650 4 |a algoritmus  |2 slo 
650 4 |a vytvorenie  |2 slo 
650 4 |a hľadanie  |2 slo 
650 4 |a Piano  |2 eng 
650 4 |a search  |2 eng 
650 4 |a planning  |2 eng 
650 4 |a algorithm  |2 eng 
650 4 |a image processing  |2 eng 
700 1 |a Kajan, Slavomír  |u 031000  |k Z1  |4 ths  |U FEI Fakulta elektrotechniky a informatiky  |T FEI Ústav robotiky a kybernetiky  |X 4240  |U E011  |Y 356  |7 A000004240 
856 4 |u https://opac.crzp.sk/?fn=detailBiblioForm&sid=2C8AB4190B6536A9D5841A7B1CEB&seo=CRZP-detail-kniha